000 00457nam a2200193Ia 4500
005 20240823044430.0
008 240823s9999||||xx |||||||||||||| ||und||
020 _a978-81-7505-138-6
041 _aTAMIL
082 _A294.5 Q3
100 _aSwami vivekananda
245 0 _aChicago Sorpolivugal
250 _a1st
260 _c2013
_bSri Ramakrishna
500 _aTRANSFERED
650 _aChicago Address
_bGeneral
942 _cBK
999 _c212567
_d212567